000 00724nam a22002657a 4500
001 000193
003 DO-SdBNP
005 20180226133145.0
007 000193
008 151210b 2003 xxu a 00| 0 spa d
040 _aBPMSU
_bspa
_cBPMSU
092 _axxxx
_bxxxx
245 0 0 _aIron Man 1 /
_cpresentado por Montero Glez
260 _aNew York ;
_bMarvel comics,
_c2003.
300 _a181 p. ;
_bil.
_c21 cm.
490 1 _aGrandes héroes del cómic
_v17
490 1 _aBiblioteca El Mundo
700 1 2 _aGlez, Montero
_epres.
830 0 _aGrandes héroes del cómic
_n17
830 0 _aBiblioteca El Mundo
910 _a00144
942 _2ddc
_cBK
945 _ainventariado, 2018 / dg
956 _aYngrid Lockward
_b10
999 _c9333
_d9333